Pokémon - Les attaques de Brindibou - Statistiques

Statistiques générales
  • Ce quiz a été pris 24 fois
  • Le résultat moyen est 10 sur 14
Statistiques - réponses
Niveaux Types Noms des coups % Correct
Départ Normal Charge
100%
Niveau 9 Vol Picpic
93%
Niveau 6 Spectre Étonnement
86%
Niveau 3 Plante Feuillage
86%
Niveau 36 Vol Rapace
86%
Départ Normal Rugissement
86%
Niveau 15 Plante Tranch'Herbe
86%
Niveau 30 Plante Lame Feuille
79%
Niveau 12 Spectre Ombre Portée
71%
Niveau 27 Ténèbres Coup Bas
64%
Niveau 21 Vol Picore
64%
Niveau 24 Ténèbres Machination
57%
Niveau 33 Vol Danse Plumes
50%
Niveau 18 Plante Synthèse
36%
Aucun quiz correspondant
Distribution des résultats
% des personnes avec chaque résultat
Percentile par nombre de réponses
Votre historique - résultats
Vous n’avez pas pris ce quiz